000 00355nam a2200169Ia 4500
100 _aBillmeyer/Fred
650 _aChemistry
250 _a3
942 _cBK
654 _apolymer science
245 _aTextbook of Polymer Science
260 _bJohn Wiley & Sons
_c1994
082 _a668.9
_bBIL
300 _a578
546 _aENGLISH
999 _c34494
_d34494